000 00336nam a2200145Ia 4500
008 191201s2012 xx 000 0 und d
082 _a620.105
_bSRA
100 _aSRINATH, L.S
245 0 _aAdvanced Mechanics of Solids
250 _aRep
260 _aN. delhi
_bTMH
_c2012
300 _a504
650 _aB.Tech(CE)
942 _2ddc
_cBK
999 _c5288
_d5288